Sports Quiz

Random Sports Quiz
Score 0/19 Timer 10:00
1 Play Today
Hint Answer % Correct
7JJ Hooper
90.2%
8Bobby Grant
87.3%
4James Jennings
87.3%
3Luke Young
86.9%
2Luke Summerfield
84.5%
2Paul Rutherford
82.9%
5 Omari Patrick
75.9%
1Jake Lawlor
69.4%
1Kieran Kennedy
67.3%
3Mark Harris
66.9%
Hint Answer % Correct
2Akil Wright
66.1%
2Devonte Redmond
65.7%
2Jordan Ponticelli
64.1%
1Dan Jarvis
63.7%
2Jason Oswell
60%
1Davis Keillor-Dunn
55.1%
3Leighton McIntosh
53.9%
1Ben Tollitt
44.9%
1Jake Bickerstaff
28.2%
Remove Ads.
Support Sporcle.
Get the best of Sporcle when you Go Orange. This ad-free experience offers more features, more stats, and more fun while also helping to support Sporcle. Thank you for becoming a member.

You're not logged in!

Compare scores with friends on all Sporcle quizzes.
OR
Log In

Sporcle TV

Today on Sporcle TV


Watch our educational content, quiz creation guides, and fun videos on Sporcle TV.

Show Comments

Extras

Created May 10, 2020ReportNominate
Tags:2019, goal, Scorer, Wrexham

Top Quizzes Today


Score Distribution

Paid Content

Your Account Isn't Verified!

In order to create a playlist on Sporcle, you need to verify the email address you used during registration. Go to your Sporcle Settings to finish the process.

Report this User

Report this user for behavior that violates our Community Guidelines.

Details: